Lands Tribunal for Scotland (Record no. 120673)

MARC details
000 -LEADER
fixed length control field 01024cai a22001695a 4500
001 - CONTROL NUMBER
control field L144584
008 - FIXED-LENGTH DATA ELEMENTS--GENERAL INFORMATION
fixed length control field 080730u stkao f v 000 0 eng d
035 ## - SYSTEM CONTROL NUMBER
System control number (Sirsi) u144584
041 0# - LANGUAGE CODE
Language code of text/sound track or separate title eng
110 2# - MAIN ENTRY--CORPORATE NAME
Corporate name or jurisdiction name as entry element Lands Tribunal for Scotland
245 00 - TITLE STATEMENT
Title Lands Tribunal for Scotland
Medium [electronic resource]
520 ## - SUMMARY, ETC.
Summary, etc. The Lands Tribunal for Scotland is in effect an independent civil court. It has statutory power to deal with various types of dispute involving land or property and at the request of parties, it can also act as an arbiter to deal with any type of dispute. Website features keyword searching for tribunal decisions on jurisdictions including: valuation for rating; land register appeals and title conditions. There is also a section of selected decisions highlighted as being of particular importance.
651 #4 - SUBJECT ADDED ENTRY--GEOGRAPHIC NAME
Geographic name Scotland
Chronological subdivision 1999-
690 ## - LOCAL SUBJECT ADDED ENTRY--TOPICAL TERM (OCLC, RLIN)
Topical term or geographic name as entry element PROPERTY AND LAND LAW
856 40 - ELECTRONIC LOCATION AND ACCESS
Uniform Resource Identifier <a href="https://lands-tribunal-scotland.org.uk/">https://lands-tribunal-scotland.org.uk/</a>
Public note View the website free of charge at www.lands-tribunal-scotland.org.uk...
942 ## - ADDED ENTRY ELEMENTS (KOHA)
Suppress in OPAC 0
Holdings
Withdrawn status Lost status Source of classification or shelving scheme Damaged status Not for loan Home library Current library Shelving location Date acquired Total Checkouts Full call number Barcode Date last seen Copy number Price effective from Koha item type
    Dewey Decimal Classification     Virtual Virtual Online 30/07/2008   ONLINE PUBLICATION 144584-1001 06/08/2019 1 06/08/2019 Online material